LEADER 01349nam a2200301 i 4500 001 000000147829 003 CaOOAMICUS 005 20060214000000.0 008 060214s2004 it u000 u fre u 013 $a125130 020 $a2-204-07303-2 040 $aSeMil$bita 100 1 $aBigaouette, Francine.$0(OLS)http://semarc/name/58592 245 13$aLe cri de déréliction de Jésus en croix :$bdensité existentielle et salvifique /$cFrancine Bigaouette. 260 $aParis :$bLes Éditions du Cerf,$c2004. 300 $a496 p. ;$c22 cm. 490 0 $aCogitatio Fidei [Cerf]v236 500 $aContiene : Bibliographie. 650 4$aGesù Cristo - Meditazioni.$0(OLS)http://semarc/subject/1836 650 4$aGesù Cristo - Croce.$0(OLS)http://semarc/subject/5017 650 4$aTeologia della redenzione.$0(OLS)http://semarc/subject/28883 830 0$aCogitatio Fidei ;$v236.$0(OLS)http://semarc/title/206 850 $aSeMil 852 $aSeMil$W1$xVenegono$y1$m2BA N 236$j100365$B100365$CSeMilBibl$Z2$F109015 $81 961 $aAcquisto: SODIS 996 $6020$a2-204-07303-2$9(OLS)http://semarc/number/136650 996 $6245$aLe cri de déréliction de Jésus en croix :$bdensité existentielle et salvifique$9(OLS)http://semarc/title/216169 996 $6260$aParis :$bLes Éditions du Cerf$9(OLS)http://semarc/publisher/29611 LEADER 01187nam a2200193 i 4500 001 000000230535 003 CaOOAMICUS 005 20140611000000.0 008 140611s1608 it u000 u ita u 013 $a209437 026 $aa.te r-i- moro supe (3) 1608 (R) 040 $aSeMil$bita 245 10$aGuerre giudaiche di Flauio Gioseffo historico, divise in sette libri. 1. Si trattano delle guerre che hebbero gli Hebrei con Romani. . 300 $a175 c. :$bill. 500 $aVignetta xilogr.. (Gerusalemme) sul front. - Ill. xilogr. infratestuali. - Segn. : A-Y8. 773 0 $aIosephus, Flavius $tGioseffo Flavio historico Delle antichità, et guerre giudaiche, diviso in ventisette libri. Nel 1. Si tratta della creatione del cielo, & della terra; & dell'opera de' sei dì; & del riposo del settimo. ... Parte 1. [-3.!].$dIn Venetia : Appresso Alessandro Vecchi, 1608.$g3$w()30056 850 $aSeMil 852 $aSeMil$W1$xVenegono$y1$m2V III 23 FA$j180881$B180881$CSeMilBibl$Z2$F191746 $8I 996 $6245$aGuerre giudaiche di Flauio Gioseffo historico, divise in sette libri. 1. Si trattano delle guerre che hebbero gli Hebrei con Romani. .$9(OLS)http://semarc/title/329363 LEADER 01268nam a2200253 i 4500 001 000000075711 003 CaOOAMICUS 005 20220817085103.0 008 110705s1808 it u000 u ita u 013 $a46883 026 $atifu ce2. 4.no nema (3) 1808 (A) 040 $aSeMil$bita 100 1 $aMolza, Francesco Maria <1489-1544>.$0(OLS)http://semarc/name/37381 245 10$aPoesie di Francesco Maria Molza colla vita dell'autore scritta da Pierantonio Serassi. 260 $aMilano :$bTip. de' Classici Italiani, contrada di S. Margherita, n.° 1118,$c1808. 300 $aVI, 488 p., [1] carta di tav. :$britr. ;$c8°. 500 $aRitr. calcogr. dell'A. disegnato e inciso da Paolo Caronni. 700 1 $aCaronni, Paolo .$0(OLS)http://semarc/name/1246 700 1 $aSerassi, Piero Antonio,$d<1721-1791>.$0(OLS)http://semarc/name/75961 850 $aSeMil 852 $aSeMil$W1$xVenegono$y1$m1G I 14 FA$j41863$B41863$CSeMilBibl$Z2$F41867 $8I 996 $6245$aPoesie di Francesco Maria Molza colla vita dell'autore scritta da Pierantonio Serassi$9(OLS)http://semarc/title/122777 996 $6260$aMilano :$bTip. de' Classici Italiani, contrada di S. Margherita, n.° 1118$9(OLS)http://semarc/publisher/29971